000 01462nam a2200301 i 4500
001 187947
003 ES-MaACL
005 20250901104709.0
008 180328s1881 sp |||| | spa d
110 2 _aCírculo de la Unión Mercantil (Madrid)
_9134324
_eisb
245 1 0 _aConferencias del curso de 1879 a 1880 /
_ccon un prólogo de Miguel Moya ; oradores, D. Joaquín María Sanromá ... José de Echegaray [et al.].
246 1 _aAplicación de las fuerzas naturales a la industria y al comercio
260 _aMadrid :
_b[s.n.],
_c1881
_f(Imp. El Liberal)
300 _aXVI, 410 páginas ;
_c22 cm.
505 8 _aContiene conferencia de José Echegaray: "Aplicación de las fuerzas naturales a la industria y al comercio", p. 105-125
530 _aDisponible en formato digital la conferencia de José Echegaray
594 _aTema: El comercio como clase gobernante.
610 2 4 _aAteneo de Madrid-
_vObras digitalizadas.
_91930
650 7 _aComercio-
_zEspaña-
_yS.XIX
_2
_9174680
700 1 _aMoya, Miguel,
_d1856-1920
_9158750
_eaui
700 1 _aSanromá, Joaquín María,
_d1828-1895
_9103198
_eora
700 1 _aEchegaray, José,
_d1832-1916
_946526
_eora
852 _aES-MaACL
_jF-13196
_cSPP2
856 _uhttps://www.ateneodemadrid.com/old/biblioteca_digital/folletos/Edpr-005.pdf
_yVersión en línea
_z(Biblioteca digital del Ateneo)
942 _2udc
_cMONANT
_n0
999 _c187947
_d187947